The return of cultural treasures /

محفوظ في:

المؤلف الرئيسي: Greenfield, Jeanette (مؤلف)

التنسيق: كتاب

اللغة: English

منشور في: Cambridge ; New York : Cambridge University Press, 2007.

الطبعة: 3rd ed.

الموضوعات:

الوسوم: إضافة وسم

لا توجد وسوم, كن أول من يضع وسما على هذه التسجيلة!

رقم الطلب: CC135 .G74 2007

LEADER 01310namaa2200289 4500
001 22076
003 OSt
005 20251103113958.0
008 130303s2007 enkab b 001 0 eng d
010 |a 2008271492 
020 |a 9780521802161 (hardback) 
040 |c ARCE Library 
050 4 |a CC135 .G74 2007 
100 1 |a Greenfield, Jeanette,  |e author 
245 1 4 |a The return of cultural treasures /  |c Jeanette Greenfield. 
250 |a 3rd ed. 
264 1 |a Cambridge ;   |a New York :   |b Cambridge University Press,   |c 2007. 
300 |a xxii, 500 pages :  |b illustrations, maps ;  |c 26 cm. 
504 |a Includes bibliographical references (pages 474-484) and index. 
505 0 |a Introduction / by Magnus Magnusson -- The Icelandic manuscripts -- The Elgin Marbles debate -- British and other European practice -- Some British cases -- American and Canadian practice -- Russia and the former Soviet Union -- The Hebrew manuscripts -- International and regional regulation -- Art theft and the art market -- Plunder -- The first people -- Ground zero -- Homecomings : real and virtual. 
555 |a Sara.lib 
650 0 |a Cultural property  |x Protection. 
650 0 |a Cultural property  |x Protection (International law) 
650 0 |a Restitution.  |9 10678 
901 |a reviewed 
942 |c BK  |2 lcc 
999 |c 20681  |d 20681